[Event "Club Championships, C Grade"]
[Site "Wellington Chess Club"]
[Date "2010.08.03"]
[Round "2"]
[White "Wylde, Henry"]
[Black "Drinkwater, Blaise"]
[Result "0-1"]
[WhiteElo "1599"]
[BlackElo "1425"]

1. e4 d5 2. e5 Bf5 3. d4 e6 4. Be3 c5 5. Bb5+ Nd7 6. Ne2 c4 7. Qd2 a6 8. Bxd7+
Qxd7 9. f3 Qb5 10. c3 Bd3 11. Nf4 Ne7 12. Nxd3 cxd3 13. Na3 Qb6 14. O-O Nf5 15.
Rab1 Be7 16. Bf4 O-O 17. Qxd3 f6 18. Nc2 fxe5 19. Bxe5 Bf6 20. f4 Bxe5 21. fxe5
Rf7 22. Ne1 Raf8 23. Nf3 h6 24. g4 Ne7 25. g5 h5 26. g6 Rf5 27. Nh4 Rxe5 28.
Rxf8+ Kxf8 29. Qf3+ Ke8 30. Qf7+ Kd7 31. Kf1 Re4 32. Nf3 Kd6 33. Ng5 Qb5+ 34.
Kg1 Rg4+ 35. Kh1 Rxg5 36. Re1 Rxg6 37. Qf4+ Kd7 0-1

[Event "Club Championships, C Grade"]
[Site "Wellington Chess Club"]
[Date "2010.08.10"]
[Round "3"]
[White "Drinkwater, Blaise"]
[Black "Anderson, Gordon"]
[Result "0-1"]
[WhiteElo "1425"]
[BlackElo "1535"]

1. e4 d6 2. d4 Nf6 3. Nd2 g6 4. Ngf3 Bg7 5. c3 b6 6. e5 dxe5 7. Nxe5 O-O 8. Bc4
e6 9. Qf3 Nd5 10. Ne4 f6 11. Nd3 c6 12. O-O b5 13. Bb3 Na6 14. Nec5 Nac7 15. c4
bxc4 16. Bxc4 Nb6 17. b3 Nxc4 18. bxc4 Qxd4 19. Qxc6 Qxa1 20. Qxc7 Qxa2 21. Re1
Qxc4 22. Qe7 Qd5 23. Nf4 Qd8 24. Qxg7+ Kxg7 25. Nfxe6+ Kf7 26. Nxd8+ Rxd8 27.
Bh6 g5 0-1

[Event "Club Championships, C Grade"]
[Site "Wellington Chess Club"]
[Date "2010.08.10"]
[Round "3"]
[White "Palmer, Luke"]
[Black "Gillespie, John"]
[Result "0-1"]
[WhiteElo "1012"]
[BlackElo "1517"]

1. e4 e5 2. Nf3 Nc6 3. Bb5 a6 4. Bxc6 dxc6 5. O-O Bg4 6. d3 f6 7. Nbd2 Bc5 8.
Qe1 Ne7 9. h3 Bh5 10. b3 Qd7 11. Qe2 O-O-O 12. Nc4 g5 13. Be3 Bxe3 14. Qxe3 g4
15. Qa7 Qe6 16. Nh4 gxh3 17. Qe3 hxg2 18. Nxg2 Rhg8 19. f3 Qh3 20. Kf2 Rxg2+
21. Ke1 f5 22. Nxe5 Qg3+ 23. Kd1 Qxe5 24. Rb1 Nd5 25. Qe1 Nc3+ 26. Kc1 Nxa2+
27. Kd1 Nc3+ 28. Kc1 Nxb1 29. Kxb1 Qc5 30. Qd1 fxe4 31. Kc1 Bxf3 32. Qe1 Qxc2#
0-1

[Event "Club Championships, C Grade"]
[Site "Wellington Chess Club"]
[Date "2010.08.10"]
[Round "3"]
[White "Proctor, Matthew"]
[Black "Whittle, Jonathon"]
[Result "0-1"]
[WhiteElo "1365"]
[BlackElo "1571"]

1. e4 g6 2. d4 Bg7 3. Nf3 d6 4. c4 a6 5. Be2 Nd7 6. Nc3 b6 7. O-O e6 8. Bg5 Ne7
9. e5 h6 10. exd6 hxg5 11. dxe7 Qxe7 12. Qd3 g4 13. Ne5 Nxe5 14. Qe4 Qh4 15. f4
Bb7 16. Qxb7 Nf3+ 17. Bxf3 Bxd4+ 18. Rf2 Qxf2+ 19. Kh1 Rxh2+ 20. Kxh2 Qh4# 0-1

[Event "Club Championships, C Grade"]
[Site "Wellington Chess Club"]
[Date "2010.08.10"]
[Round "3"]
[White "Stoeveken, Peter"]
[Black "Salem, Edmund"]
[Result "1-0"]
[WhiteElo "1584"]
[BlackElo "1490"]

1. e4 e5 2. f4 d5 3. exd5 Qxd5 4. Nc3 Qe6 5. Nf3 Bd6 6. Ng5 Qf6 7. Bc4 Nh6 8.
Qh5 O-O 9. O-O Bg4 10. Qh4 exf4 11. d3 Nd7 12. h3 Bf5 13. Bxf4 Qd4+ 14. Kh1 Bg6
15. Nge4 Nf5 16. Qe1 Rae8 17. g4 Ne7 18. Nb5 Qb6 19. Nexd6 cxd6 20. Nxd6 Qc6+
21. Kh2 Nf6 22. Nxe8 Rxe8 23. Qe5 Ned5 24. Qd6 Re2+ 25. Kg3 Nd7 26. Qxc6 bxc6
1-0

[Event "Club Championships, C Grade"]
[Site "Wellington Chess Club"]
[Date "2010.08.10"]
[Round "3"]
[White "Veldhuizen, Matt"]
[Black "Locke, John"]
[Result "1/2-1/2"]
[WhiteElo "1481"]
[BlackElo "100"]

1. e4 c5 2. Nc3 Nc6 3. Nf3 Nf6 4. d4 cxd4 5. Nxd4 e5 6. Nf3 Bb4 7. Bd3 Bxc3+ 8.
bxc3 h6 9. O-O O-O 10. h3 d6 11. Rb1 Qa5 12. Bd2 Qxa2 13. c4 Rd8 14. Qe2 Qa3
15. Ra1 Qc5 16. Rfb1 Nd4 17. Nxd4 exd4 18. Rb5 Qc6 19. Bf4 a6 20. Rbb1 Re8 21.
f3 Bd7 22. Qd2 Re6 23. Ra5 Ne8 24. Rb4 Qc7 25. Ra1 Bc6 26. c5 Qd7 27. cxd6 Nxd6
28. Rxd4 Qd8 29. Qb4 1/2-1/2

[Event "Club Championships, C Grade"]
[Site "Wellington Chess Club"]
[Date "2010.08.10"]
[Round "3"]
[White "Wilson, Dallas"]
[Black "Farrington, Lawrence"]
[Result "1/2-1/2"]
[WhiteElo "1712"]
[BlackElo "1696"]

1. e4 e5 2. Nf3 Nf6 3. Nc3 Nc6 4. Bc4 Nxe4 5. O-O Nxc3 6. dxc3 d6 7. Ng5 Qf6 8.
Nxf7 Be6 9. Bxe6 Qxe6 10. Nxh8 g6 11. Qf3 Bg7 12. Qf7+ Qxf7 13. Nxf7 Kxf7 14.
f4 Ke6 15. fxe5 Nxe5 16. Bf4 Nc4 17. Rae1+ Kd7 18. Bg5 Ne5 19. Be3 c5 20. Bf4
Nc4 21. Bg5 Ne5 22. Bf6 Bxf6 23. Rxf6 Ke7 24. Ref1 b5 25. g4 h6 26. h4 a5 27.
Kg2 Nxg4 28. R6f3 Ne5 29. Re3 Rg8 30. a4 Rb8 31. axb5 Rxb5 32. b3 Rb8 33. Ra1
Ra8 34. b4 a4 35. bxc5 Ra5 36. cxd6+ Kxd6 37. Re4 a3 38. Rd1+ Ke6 39. Rb4 a2
40. Ra1 Kd5 41. Rb2 Ra4 42. Kh3 g5 43. hxg5 hxg5 44. Rbxa2 Rh4+ 45. Kg3 Rg4+
46. Kf2 Rf4+ 47. Ke2 Re4+ 1/2-1/2

[Event "Club Championships, C Grade"]
[Site "Wellington Chess Club"]
[Date "2010.08.10"]
[Round "3"]
[White "Wylde, Henry"]
[Black "Roberts, Michael"]
[Result "1-0"]
[WhiteElo "1599"]
[BlackElo "1710"]

1. e4 e6 2. d4 d5 3. e5 c5 4. Nf3 Nc6 5. Bb5 Bd7 6. Bxc6 Bxc6 7. Be3 b6 8. Nc3
Nh6 9. Qd2 Nf5 10. Bf4 Be7 11. O-O-O cxd4 12. Ne2 O-O 13. g4 Nh4 14. Nxh4 Bxh4
15. Nxd4 Rc8 16. Nf3 Be7 17. g5 Ba4 18. Nd4 Bc5 19. Nb3 Bxb3 20. axb3 Qd7 21.
h4 a5 22. h5 a4 23. b4 Be7 24. g6 Rxc2+ 25. Kxc2 Rc8+ 26. Kb1 a3 27. bxa3 Qa4
28. Kb2 1-0

[Event "Club Championships, C Grade"]
[Site "Wellington Chess Club"]
[Date "2010.08.17"]
[Round "4"]
[White "Farrington, Lawrence"]
[Black "Stoeveken, Peter"]
[Result "0-1"]
[WhiteElo "1696"]
[BlackElo "1584"]

1. e4 e6 2. d4 d5 3. Nc3 Bb4 4. e5 c5 5. a3 Bxc3+ 6. bxc3 Nc6 7. Nf3 Nge7 8.
Bd3 Qa5 9. Bd2 Qc7 10. O-O b6 11. Be3 a5 12. a4 Ba6 13. Bxa6 Rxa6 14. Qe2 Ra7
15. dxc5 bxc5 16. Bxc5 Rb7 17. Rab1 O-O 18. Rb3 Rfb8 19. Bd6 Qc8 20. Bxb8 Rxb3
21. cxb3 Qxb8 22. Rb1 Ng6 23. Qb5 Qc7 24. Qc5 Qb7 25. Qb5 Qc7 26. Rc1 h6 27. g3
Ncxe5 28. Nxe5 Nxe5 29. Kg2 d4 30. f4 Ng4 31. h3 Ne3+ 32. Kh2 Nd5 33. Qc4 Qxc4
34. bxc4 Nxc3 35. Kg2 Kf8 36. Kf2 Ke7 37. Ke1 Kd6 38. Kd2 Nxa4 39. Kd3 Nc5+ 40.
Kc2 f6 41. Rb1 Kc6 42. Rb8 e5 43. fxe5 fxe5 44. Rc8+ Kb6 45. Rb8+ Nb7 46. Re8
Nd6 47. c5+ Kxc5 48. Rxe5+ Kb4 49. Kd3 a4 50. Kxd4 a3 51. Kd5 Nb5 52. Kc6 Nc3
53. Re1 Kb3 54. Ra1 Kb2 55. Rxa3 Kxa3 56. Kd7 Ne2 57. Ke7 g5 58. h4 g4 59. Kf7
Nxg3 60. Kg6 Ne4 61. Kf5 g3 62. Kxe4 0-1

[Event "Club Championships, C Grade"]
[Site "Wellington Chess Club"]
[Date "2010.08.17"]
[Round "4"]
[White "Locke, John"]
[Black "Wilson, Dallas"]
[Result "1-0"]
[WhiteElo "100"]
[BlackElo "1712"]

1. d4 d5 2. c4 e6 3. Nc3 Nf6 4. Bg5 h6 5. Bh4 Be7 6. e3 O-O 7. Nf3 Nbd7 8. Be2
b6 9. O-O dxc4 10. Bxc4 Bb7 11. Qc2 Re8 12. Nd2 c5 13. dxc5 Nxc5 14. Rad1 Ng4
15. Nb3 Qc8 16. Bg3 Qc6 17. e4 Nxb3 18. Bb5 Qc5 19. Bxe8 Rxe8 20. Qxb3 h5 21.
h4 Ba6 22. Rfe1 Bc4 23. Qc2 Ne5 24. Na4 Qb5 25. Bxe5 Rc8 26. Bg3 1-0

[Event "Club Championships, C Grade"]
[Site "Wellington Chess Club"]
[Date "2010.08.17"]
[Round "4"]
[White "Marney, John"]
[Black "Veldhuizen, Matt"]
[Result "1-0"]
[WhiteElo "1503"]
[BlackElo "1481"]

1. e4 c6 2. d4 d5 3. Nc3 dxe4 4. Nxe4 Nd7 5. Nf3 Ngf6 6. Bd3 Nxe4 7. Bxe4 Nf6
8. Bd3 Bg4 9. c3 e6 10. Bc2 Be7 11. O-O O-O 12. Qd3 Bxf3 13. Qxf3 Qd5 14. Qh3
Rfd8 15. g4 g6 16. f4 h5 17. gxh5 Qxh5 18. Rf3 Qxh3 19. Rxh3 Kg7 20. Bd2 Rh8
21. Rxh8 Rxh8 22. Kg2 c5 23. dxc5 Bxc5 24. b4 Bd6 25. c4 Ng4 26. Bc3+ f6 27.
Bb3 Kf7 28. Re1 Re8 29. a4 b6 30. a5 Nh6 31. Kf3 Nf5 32. axb6 axb6 33. Ra1 Re7
34. Ra6 Bc7 35. c5 bxc5 36. bxc5 Ng7 37. Ba5 Ne8 38. Ba4 Bxa5 39. Bxe8+ Kxe8
40. Rxa5 Rc7 41. Ke4 Ke7 42. Kd4 Kf7 43. Kc4 Ke7 44. Ra1 f5 45. Re1 Rb7 46. c6
Rc7 47. Kc5 Kf6 48. Kd6 Rxc6+ 49. Kxc6 g5 50. fxg5+ Kxg5 51. Kd6 f4 52. Kxe6
Kg4 53. Re4 Kh3 54. Rxf4 Kxh2 1-0

[Event "Club Championships, C Grade"]
[Site "Wellington Chess Club"]
[Date "2010.08.17"]
[Round "4"]
[White "Salem, Edmund"]
[Black "Proctor, Matthew"]
[Result "1-0"]
[WhiteElo "1490"]
[BlackElo "1365"]

1. e4 e5 2. Nf3 Nc6 3. Nc3 Bc5 4. Bc4 Nf6 5. O-O d6 6. h3 h6 7. Re1 g5 8. Nh2
Nd4 9. Nd5 h5 10. c3 g4 11. Nxf6+ Qxf6 12. cxd4 Bxd4 13. Rf1 g3 14. Nf3 Bg4 15.
Be2 Bxf3 16. Bxf3 O-O-O 17. Qe2 Qf4 18. d3 gxf2+ 19. Rxf2 Qg3 20. Be3 Bxe3 21.
Qxe3 f5 22. Rc1 fxe4 23. dxe4 d5 24. Qxa7 dxe4 25. Bxe4 Rd4 26. Qxb7+ Kd8 27.
Qxc7+ Ke8 28. Bc6+ Rd7 29. Qxd7# 1-0

[Event "Club Championships, C Grade"]
[Site "Wellington Chess Club"]
[Date "2010.08.17"]
[Round "4"]
[White "Stephens, Dominick"]
[Black "Palmer, Luke"]
[Result "0-1"]
[WhiteElo "1343"]
[BlackElo "1012"]

1. e4 e5 2. Nf3 Nc6 3. d4 d6 4. dxe5 dxe5 5. Qxd8+ Kxd8 6. Bc4 Be6 7. Bxe6 fxe6
8. O-O Nf6 9. Nc3 Bb4 10. Rd1+ Ke7 11. Bd2 Rad8 12. a3 Bc5 13. Bg5 h6 14. Bh4
Rd6 15. Nb5 Rd7 16. Rxd7+ Kxd7 17. Rd1+ Ke7 18. Nxc7 Rc8 19. Nb5 Kf7 20. b4 Be7
21. Nd6+ Bxd6 22. Rxd6 Ke7 23. Rd1 Kf7 24. Bg3 Ng4 25. h3 Nf6 26. Nxe5+ Nxe5
27. Bxe5 Nxe4 28. Rd7+ Ke8 29. Bxg7 Kxd7 30. Bxh6 Rxc2 31. Be3 Ra2 32. h4 Ke7
33. h5 Kf7 34. Bd4 Rd2 35. Bxa7 Rd8 36. Kh2 Rd5 37. g4 Ng5 38. f4 Kf6 39. fxg5+
Kxg5 40. Kg3 Rd3+ 41. Kg2 Kxg4 42. h6 Rh3 43. Bd4 Rxh6 44. Kf2 Rh3 45. Bb2 0-1

[Event "Club Championships, C Grade"]
[Site "Wellington Chess Club"]
[Date "2010.08.17"]
[Round "4"]
[White "Whittle, Jonathon"]
[Black "Anderson, Gordon"]
[Result "0-1"]
[WhiteElo "1571"]
[BlackElo "1535"]

1. e4 d6 2. d3 g6 3. g3 Bg7 4. Bg2 Nf6 5. Nc3 O-O 6. Be3 Ng4 7. Bd2 c6 8. h3
Nf6 9. f4 Nbd7 10. Nf3 Rb8 11. O-O c5 12. Rb1 b5 13. Ne2 c4 14. e5 dxe5 15.
fxe5 Ne8 16. d4 Qb6 17. Kh2 Bb7 18. Bf4 Rc8 19. g4 Nc7 20. Qd2 Ne6 21. Bg3 Rfd8
22. d5 Nec5 23. Qf4 Bxd5 24. Rbd1 Bxf3 25. Rxf3 Nxe5 26. Rxd8+ Rxd8 27. Re3
Ncd7 28. Qg5 Qf6 29. Qxf6 Bxf6 30. Nf4 Bg5 31. Re2 Bxf4 32. Bxf4 f6 33. Bd5+
Kg7 34. Kg3 Nb6 35. Be6 Rd6 36. Bxe5 Rxe6 37. Bxf6+ Kxf6 38. Rxe6+ Kxe6 39. Kf3
Nd5 40. c3 Ke5 41. h4 Nf4 42. b4 cxb3 43. axb3 Nd3 44. c4 bxc4 45. bxc4 Kd4 0-1

[Event "Club Championships, C Grade"]
[Site "Wellington Chess Club"]
[Date "2010.08.24"]
[Round "5"]
[White "Anderson, Gordon"]
[Black "Stoeveken, Peter"]
[Result "0-1"]
[WhiteElo "1535"]
[BlackElo "1584"]

1. d4 Nf6 2. Nf3 d6 3. e3 Bg4 4. Be2 Nbd7 5. b3 c5 6. Bb2 e6 7. O-O Be7 8. Nc3
O-O 9. Nd2 Bf5 10. f3 cxd4 11. exd4 d5 12. Ndb1 Qc7 13. Bd3 Bxd3 14. Qxd3 Bd6
15. h3 Nh5 16. Nb5 Bh2+ 17. Kf2 Qg3+ 0-1

[Event "Club Championships, C Grade"]
[Site "Wellington Chess Club"]
[Date "2010.08.24"]
[Round "5"]
[White "Farrington, Lawrence"]
[Black "Wylde, Henry"]
[Result "1-0"]
[WhiteElo "1696"]
[BlackElo "1599"]

1. e4 Nf6 2. Nc3 d5 3. exd5 Nxd5 4. Nf3 Nc6 5. Bb5 Nxc3 6. bxc3 Bf5 7. Nd4 Qd5
8. O-O Bg6 9. d3 e5 10. Nxc6 Qxb5 11. Nxe5 O-O-O 12. d4 Bd6 13. Nd3 h5 14. a4
Qd5 15. Nf4 Qf5 16. Nxg6 fxg6 17. Qd3 Qf7 18. f4 Rdf8 19. Qf3 Qf5 20. Rf2 Re8
21. Be3 Qa5 22. Bd2 c6 23. c4 Qc7 24. c5 Be7 25. Re2 Bf6 26. c3 Qd7 27. Rae1
Rxe2 28. Rxe2 Bxd4+ 29. cxd4 Qxd4+ 30. Be3 Qxa4 31. Qh3+ Kc7 32. Qe6 Qd1+ 33.
Kf2 Qd3 34. Rd2 Qf5 35. Qe7+ Kc8 36. Rb2 1-0

[Event "Club Championships, C Grade"]
[Site "Wellington Chess Club"]
[Date "2010.08.24"]
[Round "5"]
[White "Marney, John"]
[Black "Locke, John"]
[Result "0-1"]
[WhiteElo "1503"]
[BlackElo "100"]

1. e4 c5 2. Nf3 d6 3. d4 cxd4 4. Nxd4 Nf6 5. Nc3 a6 6. Bd3 Nc6 7. Nde2 e5 8.
O-O Be6 9. Bg5 Be7 10. f4 exf4 11. Nxf4 Qb6+ 12. Kh1 Qxb2 13. Qd2 Qb6 14. Rab1
Qc7 15. a3 Qa5 16. Nxe6 fxe6 17. Rxb7 Qxa3 18. Rfb1 Nd7 19. Bc4 Bxg5 20. Qxg5
Qxc3 21. Bxe6 Rd8 22. h3 Qf6 23. Qd5 Ndb8 24. Rf7 Qe5 25. Rbb7 Rf8 26. Rxg7
Rf1# 0-1

[Event "Club Championships, C Grade"]
[Site "Wellington Chess Club"]
[Date "2010.08.24"]
[Round "5"]
[White "Roberts, Michael"]
[Black "Stephens, Dominick"]
[Result "0-1"]
[WhiteElo "1710"]
[BlackElo "1343"]

1. e4 c6 2. d4 d5 3. Nc3 dxe4 4. Nxe4 Bf5 5. Ng3 Bg6 6. Nf3 Nf6 7. Bd3 Bxd3 8.
Qxd3 e6 9. O-O Bd6 10. Bg5 h6 11. Bxf6 Qxf6 12. Rae1 O-O 13. Ne4 Qe7 14. c4 Rd8
15. Qc2 Nd7 16. d5 cxd5 17. cxd5 Nf8 18. Ng3 Bxg3 19. fxg3 Rxd5 20. Ne5 f6 21.
Nd3 e5 22. Qb3 Rd8 23. Nf4 Qc5+ 0-1

[Event "Club Championships, C Grade"]
[Site "Wellington Chess Club"]
[Date "2010.08.24"]
[Round "5"]
[White "Whittle, Jonathon"]
[Black "Palmer, Luke"]
[Result "1-0"]
[WhiteElo "1571"]
[BlackElo "1012"]

1. g3 d6 2. Bg2 e5 3. Nf3 Be7 4. O-O Nc6 5. d3 Be6 6. e4 Bg4 7. Nbd2 h6 8. h3
Be6 9. c3 Qd7 10. Kh2 Nf6 11. b4 d5 12. b5 Na5 13. Qa4 b6 14. Nxe5 Qd6 15. f4
dxe4 16. dxe4 Qc5 17. Bb2 Qe3 18. Qc2 Rd8 19. Rad1 O-O 20. Rfe1 Qc5 21. a4 Rd6
22. Nef3 Rfd8 23. e5 R6d7 24. exf6 Bxf6 25. Ne4 Qe7 26. Nxf6+ Qxf6 27. Nd4 Bd5
28. Nf3 Bb3 29. c4 Bxc2 30. Rxd7 Rxd7 31. Bxf6 Nxc4 32. Re8+ Kh7 33. Be5 Bxa4
34. Nd4 Nxe5 35. Rxe5 Rxd4 36. Bc6 Rd2+ 37. Kg1 a5 38. Re7 Rb2 39. Be4+ Kg8 40.
Re8# 1-0

[Event "Club Championships, C Grade"]
[Site "Wellington Chess Club"]
[Date "2010.08.24"]
[Round "5"]
[White "Wilson, Dallas"]
[Black "Gillespie, John"]
[Result "1-0"]
[WhiteElo "1712"]
[BlackElo "1517"]

1. e4 e5 2. Nf3 Nc6 3. Bc4 Nf6 4. d4 Nxd4 5. Bxf7+ Kxf7 6. Nxe5+ Kg8 7. Qxd4 c5
8. Qc4+ d5 9. exd5 Bd6 10. f4 Ng4 11. Nc3 Qh4+ 12. g3 Nxe5 13. Qe2 Qg4 14. fxe5
Qxe2+ 15. Nxe2 Bxe5 16. Rb1 Bf5 17. O-O Bxc2 18. Ra1 Bd3 19. Re1 Rd8 20. Nf4
Bd4+ 21. Kg2 Bc4 22. Be3 h5 23. Bxd4 cxd4 24. Re5 h4 25. Rc1 Rc8 26. d6 Bd5+
27. Nxd5 h3+ 28. Kf3 Rxc1 29. Re8+ Kh7 30. Rxh8+ Kxh8 31. Ne7 Rf1+ 32. Ke4 Rf6
33. Ke5 Rxd6 34. Kxd6 d3 35. Nd5 Kg8 36. Ke5 Kf7 37. Kd4 Ke6 38. Nf4+ Kf5 39.
Nxd3 g5 40. b4 Kg4 41. Nf2+ Kf3 42. Nxh3 g4 43. Nf4 1-0

[Event "Club Championships, C Grade"]
[Site "Wellington Chess Club"]
[Date "2010.08.31"]
[Round "6"]
[White "Gillespie, John"]
[Black "Marney, John"]
[Result "1-0"]
[WhiteElo "1517"]
[BlackElo "1503"]

1. e4 e5 2. Nf3 Nc6 3. Bb5 a6 4. Ba4 Nf6 5. O-O Be7 6. Re1 b5 7. Bb3 O-O 8. c3
Bb7 9. d4 d6 10. Nbd2 Qd7 11. d5 Na5 12. Bc2 c6 13. dxc6 Nxc6 14. Nf1 Rac8 15.
Ng3 Nd8 16. Nf5 Ne6 17. Nxe7+ Qxe7 18. Ng5 Nc5 19. f3 h6 20. Nh3 Rfd8 21. Bb3
Nxb3 22. Qxb3 d5 23. exd5 Nxd5 24. Nf2 f5 25. Bf4 Rc4 26. Bxe5 Qf7 27. Rad1 Kh7
28. Rd4 Rdc8 29. Nd3 Qh5 30. Nf4 Nxf4 31. Bxf4 Rg8 32. a4 Bc6 33. axb5 axb5 34.
Re7 Qh4 35. Bg3 Qxe7 36. Qc2 g6 37. Qd2 Rd8 38. Bd6 Qe8 39. Rh4 Qe6 40. Qxh6+
Kg8 41. Qh7# 1-0

[Event "Club Championships, C Grade"]
[Site "Wellington Chess Club"]
[Date "2010.08.31"]
[Round "6"]
[White "Locke, John"]
[Black "Farrington, Lawrence"]
[Result "1-0"]
[WhiteElo "100"]
[BlackElo "1696"]

1. d4 d5 2. c4 Nc6 3. Nc3 dxc4 4. e3 e5 5. Nf3 Bg4 6. Bxc4 Nf6 7. Qb3 Qe7 8.
Qxb7 Qd8 9. Qxc6+ Bd7 10. Qa6 exd4 11. Nxd4 Bd6 12. Nc6 Bxc6 13. Qxc6+ Nd7 14.
O-O O-O 15. f4 Rb8 16. b3 Rb6 17. Qf3 Rb8 18. Ne4 Be7 19. Bb2 Nf6 20. Rad1 Qc8
21. Nxf6+ Bxf6 22. Bxf6 gxf6 23. Bd3 f5 24. Qg3+ Kh8 25. Qg5 Rg8 26. Qxf5 Qxf5
27. Bxf5 Rbe8 28. e4 Re7 29. Rd3 Kg7 30. Rfd1 1-0

[Event "Club Championships, C Grade"]
[Site "Wellington Chess Club"]
[Date "2010.08.31"]
[Round "6"]
[White "Palmer, Luke"]
[Black "Roberts, Michael"]
[Result "0-1"]
[WhiteElo "1012"]
[BlackElo "1710"]

1. e4 e5 2. Nf3 Nc6 3. d4 exd4 4. Nxd4 Nf6 5. Nc3 Bb4 6. Nxc6 bxc6 7. Bd2 O-O
8. Bd3 d6 9. O-O h6 10. a3 Ba5 11. Re1 Re8 12. Bf4 Ng4 13. Qf3 Rb8 14. b4 Bb6
15. h3 Nxf2 16. Be3 Nxd3 17. cxd3 Bd7 18. Bxb6 cxb6 19. Qf4 Qe7 20. e5 dxe5 21.
Rxe5 Qxe5 22. Qxe5 Rxe5 23. Rf1 Re3 24. Rd1 Bf5 25. Nb1 Rbe8 26. Rf1 Re1 27.
Nd2 Rxf1+ 28. Nxf1 Bxd3 29. Nd2 Re1+ 30. Kh2 Re2 31. Nf3 Be4 32. Nh4 g5 33. Nf5
Rxg2+ 34. Kh1 Ra2+ 35. Kg1 Bxf5 36. Kf1 Kg7 37. Ke1 Kf6 38. b5 c5 39. a4 Ke5
40. a5 bxa5 41. b6 axb6 42. Kd1 Kd4 43. Ke1 Ke3 44. Kd1 Ra1# 0-1

[Event "Club Championships, C Grade"]
[Site "Wellington Chess Club"]
[Date "2010.08.31"]
[Round "6"]
[White "Salem, Edmund"]
[Black "Whittle, Jonathon"]
[Result "0-1"]
[WhiteElo "1490"]
[BlackElo "1571"]

1. e4 g6 2. Nf3 Bg7 3. d4 d6 4. Bc4 e6 5. O-O h6 6. Re1 Nd7 7. Bb5 a6 8. Ba4
Ne7 9. c4 O-O 10. Nc3 c5 11. d5 e5 12. Be3 f5 13. Bd2 f4 14. Ne2 g5 15. h3 Nf6
16. Bc2 Ng6 17. Nh2 h5 18. Nc3 g4 19. hxg4 hxg4 20. g3 fxg3 21. fxg3 Nh5 22.
Kg2 Nxg3 23. Nxg4 Qh4 24. Nf2 Rxf2+ 25. Kxf2 Nxe4+ 26. Ke3 Qf4+ 27. Kd3 Nf2+
28. Ke2 Bg4+ 0-1

[Event "Club Championships, C Grade"]
[Site "Wellington Chess Club"]
[Date "2010.08.31"]
[Round "6"]
[White "Stephens, Dominick"]
[Black "Wylde, Henry"]
[Result "1-0"]
[WhiteElo "1343"]
[BlackElo "1599"]

1. b3 e5 2. Bb2 Nc6 3. e3 d5 4. Bb5 Bd6 5. f4 f6 6. Qh5+ g6 7. Qh4 exf4 8. exf4
Qe7+ 9. Ne2 Bd7 10. Bxc6 Bxc6 11. a4 O-O-O 12. Qf2 Bc5 13. Bd4 Bxd4 14. Qxd4
Kb8 15. Nc3 f5 16. Qxh8 Nf6 17. Qxd8+ Qxd8 18. O-O d4 19. Nd1 d3 20. cxd3 Qxd3
21. Ndc3 Qxd2 22. Rad1 1-0

[Event "Club Championships, C Grade"]
[Site "Wellington Chess Club"]
[Date "2010.08.31"]
[Round "6"]
[White "Stoeveken, Peter"]
[Black "Wilson, Dallas"]
[Result "1/2-1/2"]
[WhiteElo "1584"]
[BlackElo "1712"]

1. f4 d5 2. Nf3 Nf6 3. e3 Nc6 4. b3 Bf5 5. Bb5 a6 6. Bxc6+ bxc6 7. Bb2 e6 8. h3
h5 9. Nd4 Ne4 10. Nxf5 exf5 11. h4 Be7 12. O-O Bxh4 13. Rf3 Bg3 14. Rxg3 Nxg3
15. Qf3 Qh4 16. Na3 Rg8 17. c4 Qg4 18. Qf2 Ne4 19. Qe1 g5 20. Qd1 gxf4 21. Qxg4
Rxg4 22. exf4 Rxf4 23. Be5 Rg4 24. d3 Nd6 25. c5 Nb5 26. Nc2 Kd7 27. Rf1 Rag8
28. Ne3 R4g5 29. a4 Na7 30. Bf4 R5g6 31. Be5 f6 32. Bh2 h4 33. Nxf5 Rxg2+ 34.
Kh1 h3 35. Rf3 Rb2 36. Bg3 Nc8 37. Nd4 Ne7 38. Bh4 Rgg2 39. Rxh3 Rgd2 40. Nf3
Rb1+ 41. Ng1 Rxb3 42. Bxf6 Rdxd3 43. Rh7 Re3 44. Nf3 Re6 45. Ne5+ Rxe5 46. Bxe5
Ke6 47. Bxc7 d4 48. Bd8 Nd5 49. Rh6+ Kd7 50. Ba5 Ra3 51. Rd6+ Ke7 52. Rxc6 Rxa4
53. Rxa6 Rc4 54. c6 d3 55. Kg1 Nb4 56. Bxb4+ Rxb4 57. Kf2 d2 58. Ke2 Rd4 59.
Kd1 Ke6 1/2-1/2

[Event "Club Championships, C Grade"]
[Site "Wellington Chess Club"]
[Date "2010.08.31"]
[Round "6"]
[White "Veldhuizen, Matt"]
[Black "Proctor, Matthew"]
[Result "0-1"]
[WhiteElo "1481"]
[BlackElo "1365"]

1. e4 e5 2. f4 exf4 3. Nf3 d5 4. exd5 Nf6 5. d4 Nxd5 6. Be2 Nc6 7. O-O g5 8. c3
g4 9. Ne5 Nxe5 10. dxe5 g3 11. hxg3 fxg3 12. Rf3 Rg8 13. Bc4 Bg4 14. Qxd5 Qxd5
15. Bxd5 O-O-O 16. Bxb7+ Kxb7 17. Rxg3 Rd1+ 18. Kh2 Rxc1 19. b4 f6 20. Re3 fxe5
21. g3 Bd6 22. a3 Bf5 23. c4 Rxb1 24. Rxb1 Bxb1 25. c5 Bxc5 26. bxc5 e4 27.
Rb3+ Kc6 28. Rxb1 e3 29. Re1 Re8 30. Kg2 Kxc5 31. Kf3 Kd4 32. Rxe3 Rxe3+ 33.
Kf4 0-1

[Event "Club Championships, C Grade"]
[Site "Wellington Chess Club"]
[Date "2010.09.07"]
[Round "7"]
[White "Drinkwater, Blaise"]
[Black "Stephens, Dominick"]
[Result "0-1"]
[WhiteElo "1425"]
[BlackElo "1343"]

1. e4 c6 2. d4 d5 3. Nd2 dxe4 4. Nxe4 Bf5 5. Bd3 e6 6. c3 Nf6 7. Qe2 Bxe4 8.
Bxe4 Nxe4 9. Qxe4 Qd5 10. Qxd5 cxd5 11. Bf4 Be7 12. Nf3 Nc6 13. h4 h6 14. O-O-O
O-O 15. Rh3 Rac8 16. Kb1 b5 17. Rdh1 f6 18. g4 b4 19. g5 fxg5 20. Bxg5 hxg5 21.
hxg5 Kf7 22. Ne5+ Nxe5 23. dxe5 Bxg5 24. cxb4 Ke7 25. Rh7 Rf7 26. a3 d4 27. Rd1
Rd8 28. Kc2 Bf4 29. Kd3 Bxe5 30. Rf1 Rdf8 31. f4 Rxf4 32. Rxf4 Rxf4 33. Rxg7+
Bxg7 0-1

[Event "Club Championships, C Grade"]
[Site "Wellington Chess Club"]
[Date "2010.09.07"]
[Round "7"]
[White "Roberts, Michael"]
[Black "Veldhuizen, Matt"]
[Result "1/2-1/2"]
[WhiteElo "1710"]
[BlackElo "1481"]

1. e4 c6 2. d4 d5 3. Nc3 dxe4 4. Nxe4 Nd7 5. Bd3 Ngf6 6. Nf3 Nxe4 7. Bxe4 Nf6
8. Bd3 Bg4 9. c3 e6 10. Bg5 Be7 11. h3 Bh5 12. g4 Bg6 13. Bxg6 hxg6 14. Qc2 Bd6
15. O-O-O Qc7 16. Kb1 O-O-O 17. Rde1 Rde8 18. Ne5 Nd5 19. Bc1 Qe7 20. f4 Nf6
21. Nc4 Qc7 22. Nxd6+ Qxd6 23. Qg2 Qd5 24. Qxd5 Nxd5 25. Bd2 Nb6 26. b3 Rd8 27.
Kc2 Rh7 28. Bc1 Rdh8 29. Re3 Nd5 30. Rf3 Nf6 31. g5 Nd7 32. Be3 a6 33. Bf2 Rd8
34. Re1 Rhh8 35. Rd3 Rde8 36. c4 Rd8 37. Bg3 Nb6 38. h4 Rd7 39. a4 Rhd8 40. a5
Na8 41. Red1 Nc7 42. Be1 Ne8 43. Bc3 Nc7 44. Bb4 Rh8 45. Rh3 Rh5 46. Kd3 Ne8
47. Ke2 Nd6 48. Bxd6 Rxd6 49. Ke3 Rh8 50. Ke4 Rhd8 51. Rdd3 Kc7 52. h5 gxh5 53.
Rxh5 g6 54. Rh1 Kd7 55. Ke5 Ke7 56. Rh7 Rf8 57. Rdh3 Rfd8 58. Rd3 Rf8 59. b4
Rfd8 60. Rh1 Kd7 61. Rhd1 Kc7 62. Kf6 R6d7 63. R1d2 Kc8 64. Ke5 Kc7 65. Rh2 Re7
66. Kf6 Rdd7 67. Rh7 Kd8 68. Rh8+ Re8 69. Rxe8+ Kxe8 70. Ke5 Ke7 71. Rh3 Rd8
72. Rd3 Rd7 73. d5 cxd5 74. cxd5 exd5 75. Rxd5 Rc7 76. Rd4 Rc6 1/2-1/2

[Event "Club Championships, C Grade"]
[Site "Wellington Chess Club"]
[Date "2010.09.07"]
[Round "7"]
[White "Stoeveken, Peter"]
[Black "Locke, John"]
[Result "1-0"]
[WhiteElo "1584"]
[BlackElo "100"]

1. e4 c5 2. Nf3 d6 3. d4 cxd4 4. Nxd4 Nf6 5. Nc3 a6 6. Bc4 Nc6 7. Bg5 e5 8.
Nxc6 bxc6 9. O-O Be7 10. f4 Qb6+ 11. Kh1 Qxb2 12. Qd3 Qb8 13. Rad1 O-O 14. fxe5
dxe5 15. Qg3 Nh5 16. Qh4 Bxg5 17. Qxg5 Nf6 18. Rxf6 Qb7 19. Rxf7 1-0